Využitie adhezív v železničnej doprave

Bibliographic Details
Main Authors: Novák, Igor (Author), Jasenák, Jozef (Author), Gottstein, Peter (Author), Pollák, Vladimír, 1943- (Author)
Format: Article
Language:Slovak
ISBN:8023103539

MARC

LEADER 00000naa a2200000uu 4500
001 vtls011034022
003 SK-MaSNL
005 20260302124806.0
008 220817|2002 xo |||||||||||||||||slo|
015 |a SNBRA 
035 |a (urnnbn)urn:nbn:sk:snk:ar-008sih 
035 |a (uuid)0f19d765-826c-4780-b47b-db0038b7ad5b 
035 |a urn:nbn:sk:snk-aauocs 
040 |a SNKBUCL  |b slo  |c SNKBUCL  |e AACR2 
041 0 |a slo 
044 |a xo  |c SK 
100 1 |a Novák, Igor  |4 aut  |9 478755 
245 1 0 |a Využitie adhezív v železničnej doprave  |c Igor Novák, Jozef Jasenák, Peter Gottstein, Vladimír Pollák 
700 1 |a Jasenák, Jozef  |4 aut  |9 315075 
700 1 |a Gottstein, Peter  |4 aut  |9 777912 
700 1 |a Pollák, Vladimír,  |d 1943-  |4 aut  |9 18705 
773 0 |t Zváranie a naváranie koľajníc  |d Žilina : Dom techniky ZSVTS, 2002  |g S. 64-68  |z 8023103539 
954 |a odborná, vedecká literatúra pôvodná (slovenská)  |2 lita 
958 |a OND 
958 |a article12 
958 |a chapter 
999 |c 1290144  |d 1292074